| 000 | 00996nam a2200241 a 4500 | ||
|---|---|---|---|
| 003 | DO-SdBNP | ||
| 005 | 20211025085511.0 | ||
| 007 | ta | ||
| 008 | 211022e2021 dr a|||jr|||| 00| j spa d | ||
| 020 | _a9789945221008 | ||
| 040 |
_aDO-SdBNP _bspa _cBNPHU |
||
| 082 | 4 |
_222 _bG633q |
|
| 100 | 1 |
_aGómez , Marisol _980319 |
|
| 245 |
_a¡Qué lindo es soñar! ¡Qué lindo es vivir! = How womderful it is to dream! How womderful it is to live! / _cMarisol Gómez; ilustración, Desiree Gneco; edición, Ruth Herrera; traducción, Lauren García de Maradiaga, Luis Eduardo García Gómez |
||
| 246 | _aHow womderful it is to dream! How womderful it is to live! | ||
| 260 |
_a[Santo Domingo] : _bBúho, _c2021 |
||
| 300 |
_a47 p. : _bil. ; _c28 cm. |
||
| 700 | 1 |
_aGneco, Desiree _eilustración _980320 |
|
| 700 | 1 |
_972670 _aHerrera, Ruth, _eeditora |
|
| 700 | 1 |
_aGarcía de Maradiaga, Lauren , _etraducción _980321 |
|
| 710 | 1 |
_aGarcía Gómez, Luis Eduardo, _etraducción _980322 |
|
| 942 |
_2ddc _cLBS1 |
||
| 999 |
_c50806 _d50806 |
||